Statistics for Characters Played By Different Actors #7

Click here to take the quiz!

General Stats

  • This quiz has been taken 242 times
    (189 since last reset)
  • The average score is 7 of 20

Answer Stats

Actors Hint Role % Correct
David Prowse; James Earl JonessithDarth Vader
88%
Mel Gibson; Tom HardydrifterMax Rockatansky
71%
Burgess Meredith; Danny DeVitovillainThe Penguin
69%
Martin Short; Johnny Depptea partierThe Mad Hatter
64%
Olivia Hussey; Claire DanesloverJuliet Capulet
56%
Ricardo Montalbán; Benedict CumberbatchvillainKhan (Noonien Singh)
51%
Dana Carvey; James CromwellpresidentGeorge HW Bush
51%
Martin Sheen; Greg KinnearpresidentJohn F Kennedy
47%
Kurt Russell; Kevin Costnerdeputy marshalWyatt Earp
44%
Evan Peters; Aaron Taylor-JohnsonsuperheroQuicksilver
38%
Nick Stahl; Jason Clarkeresistance leaderJohn Connor
33%
Richard Dreyfuss; Christian Balevice presidentDick Cheney
23%
Claire Danes; Amanda SeyfriedorphanCosette
21%
Liev Schreiber; Tom WilkinsonpresidentLyndon B Johnson
20%
Robert Conrad; Will Smithfederal agentJim West
19%
Carol Burnett; Cameron Diazorphanage matronMiss Hannigan
19%
Geoffrey Rush; Russell Crowecivil servantInspector Javert
15%
John Travlota; Nicholas CageFBI agent/
terrorist
Sean Archer/
Caster Troy
12%
Glenn Ford; Russell CroweoutlawBen Wade
3%
Patrick Stewart; John TurturropharaohSeti
3%

Score Distribution

Percentile by Number Answered

Percent of People with Each Score

Your Score History

You have not taken this quiz since the last reset